Quiz sur les Deux-Sèvres - Statistiques

Statistiques générales
  • Ce quiz a été pris 474 fois
  • Le résultat moyen est 14 sur 20
Statistiques - réponses
Question Réponse % Correct
Numéro du département 79
99%
Préfecture et plus grande ville Niort
97%
Région Nouvelle-Aquitaine
96%
Départements limitrophes Charente
93%
Vendée
93%
Vienne
90%
Charente-Maritime
88%
Sous-préfecture Bressuire
81%
Parthenay
77%
Sèvre Niortaise
75%
Maine-et-Loire
71%
Ancienne province à laquelle appartenait la majorité des Deux-Sèvres jusqu'à la Révolution. Poitou
69%
Parc naturel régional situé en partie dans le sud-ouest des Deux-Sèvres. Parc naturel régional du Marais poitevin
66%
Nom des deux sèvres parcourant le territoire Sèvre Nantaise
66%
Gentilé Deux-Sévriens
59%
Produit laitier de la commune d'Échiré considéré comme le ''meilleur du monde'' par Alexandre Dumaine surnommé lui-même ''le roi des cuisiniers''. Beurre
50%
Thème du festival ayant lieu en juillet dans une des sous-préfectures et dont il est l'un des plus importants au monde. Les jeux
30%
Nombre d'habitants (arrondi à la dizaine de milliers d'habitants) 370 000 (374 800)
29%
Film pour lequel Philippe Katherine, originaire des Deux-Sèvres, a obtenu le César du Second rôle en 2019 Le Grand Bain
18%
La préfecture est une des quatre .. fançaises. avec Paris, Lyon et Lille du fait de l'implantation de nombreux sièges sociaux de mutuelles d'assurances. Places financières
15%
Aucun quiz correspondant
Distribution des résultats
% des personnes avec chaque résultat
Percentile par nombre de réponses
Votre historique - résultats
Vous n’avez pas pris ce quiz